| 000 | 00866nam a2200217 i 4500 | ||
|---|---|---|---|
| 001 | 103831 | ||
| 003 | ES-MaACL | ||
| 005 | 20251012063045.0 | ||
| 007 | t| | ||
| 008 | 051118s1946 sp cf |||| |bspa d | ||
| 080 | _a929Pio X, Papa, Santo | ||
| 100 | 1 |
_aMerry del Val, Rafael, _d1865-1930 _9151101 |
|
| 245 | 1 | 0 | _aMemorias del Papa Pío X / por el Cardenal Rafael Merry del Val ; prólogo del Excmo. Sr. Dr. D. Antonio García y García, Arzobispo de Valladolid ; traducido del original inglés por Rosa María Topete. |
| 260 |
_aMadrid : _bAtenas, _c1946. |
||
| 300 |
_aXXIII, 1 retr., 143 p., 4 lám. ; _c19 cm. |
||
| 600 | 0 | 4 |
_aPío _bX, _cPapa, Santo _992299 |
| 700 | 1 |
_aGarcía y García, Antonio, _cArzobispo de Valladolid. _9151102 |
|
| 700 | 1 |
_aTopete Bohigas, Rosa María. _9110596 |
|
| 852 |
_aES-MaACL _jF-15134 |
||
| 999 |
_c103831 _d103831 |
||